| 000 | 01169cam a22002775a 4500 | ||
|---|---|---|---|
| 001 | L147703 | ||
| 002 | 17837 | ||
| 008 | 090605s2009 xxk f 000 0 eng u | ||
| 020 | _a9781904829928 | ||
| 035 | _a(Sirsi) u147703 | ||
| 041 | 0 | _aeng | |
| 050 | 0 | 4 | _a692.5 $2 18 |
| 110 | 2 |
_aBuilding Cost Information Service _91096 |
|
| 245 | 0 | 0 | _aHousing repair cost guide 2009 |
| 250 | _a3rd ed. | ||
| 260 |
_aLondon _bBCIS _c2009 |
||
| 300 |
_a496p. _bspiral bound _c30cm |
||
| 350 | _a99 | ||
| 505 | 2 | _aIntroduction -- E: outside of the property -- F: inside of the property -- G: services -- H: grounds -- Supplementary pricing information -- Addenda | |
| 520 | _aAims to provide surveyors with an independent source of information on how much typical defects identified in a residential survey will cost to remedy. Designed for ease of use when carrying out surveys, with the works categorised in accordance with the new RICS HomeBuyer Report, due for publication in summer 2009. | ||
| 521 | _aAdvanced | ||
| 590 | _aKA NTK | ||
| 651 | 4 |
_aUnited Kingdom _y |
|
| 690 | _aBUILT ENVIRONMENT-BUILDING MAINTENANCE AND REFURBISHMENT-MAINTENANCE COSTS | ||
| 942 | _n0 | ||
| 999 |
_c109692 _d109692 |
||